00712nam a22001937a 450000500170000001000150001702000250003203500140005703700130007108200120008410000290009624500790012526000410020427000680024530000270031394200260034099900170036695201350038320100728121516.0 aENG- 96988 a9788123756073c65.00 aEN- 80522 bDBAD/PUB a954.035 aJain , Ajit Prasad93122 aRafi Ahmad Kidwai :ba memoir of his life and times /cby Ajit Prasad Jain aNew DelhibNational Book Trustc2009 aNehru Bhawan, 5 Institutional Area, Phase -2bNew Delhie110070 axii,158p.c22 cm (pbk) 2ddccENh954.035mJAI c38052d38052 001040718NFICaDBADbDBADd2010-07-28eDBAD/PUBg65.00l0o954.035 JAIpEN-80521r2010-07-28 00:00:00t1v65.00w2010-07-28yEN